Bible General Knowledge #7 - Statistics

General Stats
  • This quiz has been taken 37 times
  • The average score is 13 of 20
Answer Stats
Hint Answer % Correct
Name the three languages the Bible was written in originally Hebrew
97%
What animal was Jonah swallowed by? A big {fish}
94%
Name the three languages the Bible was written in originally Greek
91%
What is the name for the day of the week where people rest? Sabbath
91%
Who tempted Jesus in the Wilderness? Satan
82%
What colour smoke is there to signify that a new Pope has been chosen? White
82%
To what city did Paul write the book of Corinthians to? Corinth
79%
What is the most commonly chosen Papal name? (hint: one of the Twelve Disciples) John
79%
In what modern-day country was Babylon located in? Iraq
76%
Name the three languages the Bible was written in originally Aramaic
71%
Name one of the rivers that flowed out of the Garden of Eden Euphrates | Gihon | Pishon | Tigris
68%
What was the name that God gave Jacob after they wrestled? Israel
62%
What was the occupation of Matthew before he became a Disciple? Tax Collector?
59%
What is another name for the letters Paul wrote to the early churches Epistles
53%
What is the longest book of the New Testament? Luke?
53%
Helmet of Salvation and Belt of Truth are examples of what? {Armour} of {God}
41%
Which king of Babylon built a giant statue of himself, forcing people to worship it? Nebuchadnezzar
38%
Who was the most prominent prophet during King David's time? Nathan
26%
Who was the mother of Samuel? Hannah
24%
How many verses are in Psalms 119? 176
6%
No matching quizzes found
Score Distribution
Percent of People with Each Score
Percentile by Number Answered
Your Score History
You have not taken this quiz